Manual del usuario de microsoft windows /

Guardado en:
Autor Principal: Microsoft Corporation
Formato: Libro
Publicado: Estados Unidos de América : Microsoft, s.f.
Materias:
Etiquetas: Agregar Etiqueta
Sin Etiquetas, Sea el primero en etiquetar este registro!
LEADER 00647nam a22002055a 4500
001 CEM.cems009364
005 20090219102811.0
008 130507b######################000#0#####d
003 CEMS
082 0 4 |a 001.6425 
100 1 |a Microsoft Corporation 
245 1 0 |a Manual del usuario de microsoft windows / 
260 |a Estados Unidos de América :  |b Microsoft, s.f. 
300 |a 326 p. 
500 |a Fotocopia 
505 0 |a Instalación de Windows -- Fundamentos de Windows -- Maximización del uso de Windows 
653 |a Computación 
653 |a Utilitarios 
653 |a Windows 3.1 
859 |a CEMS  |b BIB. CEMS - 11 de abril  |h 001.6425  |i M581  |p 120.99  |t Ej.1